| 000 | 00910 a2200229 4500 | ||
|---|---|---|---|
| 008 | 080820t xxu||||| |||| 00| 0 eng d | ||
| 010 | _aENG-84938 | ||
| 020 |
_a8179101614 _c550.00 |
||
| 035 | _aEN-68471 | ||
| 037 | _bD.B.Act / ven | ||
| 082 | _a323 | ||
| 100 | _aNatarajan, A. | ||
| 245 |
_aHuman rights in international perspectives _cby A. Natarajan |
||
| 260 |
_aJaipur _bAavishkar Publishers, Distributors _c2006 |
||
| 260 |
_aNew Delhi _bDeep and Deep Publications (Vendor) |
||
| 270 |
_a807, Vyas Building, Chaura Rasta _bJaipur _cRajasthan _e302003 _l55190343 _maavishkarbooks@hotmail.com _k2578159 |
||
| 300 |
_ax, 197 p. _c22 cm (Hb) |
||
| 500 | _aIncludes bibliographical references | ||
| 650 | _aHuman rights | ||
| 942 |
_adpl _cEN _k323 / NAT _2ddc _h323 _mNAT |
||
| 999 |
_c778 _d778 |
||